| 000 | 01310nam a2200301 i 4500 | ||
|---|---|---|---|
| 001 | 183985 | ||
| 003 | ES-MaACL | ||
| 005 | 20251012063102.0 | ||
| 008 | 150127s2002 sp abd c |||| ||spa d | ||
| 020 | _a84-920047-4-6 | ||
| 080 | _a904(460.184):7.032(37) | ||
| 080 | _a336.711.62(460.184)".../04" | ||
| 080 | _a731.1.032(37)(460.184)(083.8) | ||
| 100 | 1 |
_aRodríguez Casanova, Isabel _9156221 |
|
| 245 | 1 | 3 |
_aLa circulación monetaria antigua en los valles de Benavente (Zamora) / _cIsabel Rodríguez Casanova. |
| 260 |
_aBenavente : _bCentro de Estudios Benaventanos "Ledo del Pozo", _c2002. |
||
| 300 |
_a181 p. : _bil., gráf., mapas ; _c24 cm. |
||
| 490 | 1 |
_aMonografías ; _v5 |
|
| 504 | _aBibliografía: p. 172-178. | ||
| 650 | 7 |
_aMonedas romanas- _zZamora (Provincia)- _vCatálogos. _9156222 |
|
| 651 | 7 |
_aZamora (Provincia)- _xRestos arqueológicos romanos. _9156223 |
|
| 710 | 2 |
_aCentro de Estudios Benaventanos "Ledo del Pozo" _9144530 |
|
| 830 | 0 | 0 |
_aMonografías (Centro de Estudios Benaventanos "Ledo del Pozo") _v5 _9177262 |
| 852 |
_aES-MaACL _jA-13335 _9190950 _bR.150332 _cDEPO1 _dOlim: N-6335 _hDonación: Centro de Estudios Benaventanos |
||
| 914 |
_9144530 _aCentro de Estudios Benaventanos "Ledo del Pozo" _ednr |
||
| 942 |
_2udc _cMONOGRAFIA |
||
| 999 |
_c183985 _d183985 |
||